000 00328nam a2200133Ia 4500
008 240624s9999 xx 000 0 und d
041 _aeng
082 _a658.8 ABR
100 _aPEARLMAN LEAH
245 _aFACEBOOK FOR DUMMIES FOR DUMMIES COMPUTE
250 _a(3rd ed.)
260 _c2010
_aNew Jersey
_bWiley
365 _c
_b27
999 _c16230
_d16230